[Event "Mittelfranken-chTB2b 1718"]
[Site "Mittelfranken"]
[Date "2018.05.06"]
[Round "9.3"]
[White "Corral, Carlos"]
[Black "Werner, Thomas"]
[Result "1/2-1/2"]
[WhiteElo "1908"]
[BlackElo "1899"]
[PlyCount "38"]
[EventDate "2017.10.08"]
[EventType "team-tourn"]
[EventRounds "9"]
[EventCountry "GER"]
[SourceTitle "EXT 2022"]
[Source "ChessBase"]
[SourceDate "2021.10.06"]
[SourceVersion "1"]
[SourceVersionDate "2021.10.06"]
[SourceQuality "1"]
[WhiteTeam "Nuernberg Noris Tarrasch IV"]
[BlackTeam "Nuernberg Sued SW III"]
[WhiteTeamCountry "GER"]
[BlackTeamCountry "GER"]

1. e4 c6 2. d4 d5 3. exd5 cxd5 4. c4 Nf6 5. Nc3 Nc6 6. cxd5 Nxd5 7. Nf3 Bg4 8. Qb3 Bxf3 9. gxf3 Nb6 10. d5 Nd4 11. Qd1 e5 12. dxe6 fxe6 13. Be3 Bc5 14. b4 Qf6 15. bxc5 Nxf3+ 16. Ke2 0-0 17. cxb6 Qxc3 18. Rc1 Qb2+ 19. Qc2 Qe5 1/2-1/2

[Event "Mittelfranken-chTB2b 1718"]
[Site "Mittelfranken"]
[Date "2017.10.29"]
[Round "2.3"]
[White "Traut, Gerhard"]
[Black "Werner, Thomas"]
[Result "1-0"]
[WhiteElo "1798"]
[BlackElo "1899"]
[PlyCount "133"]
[EventDate "2017.10.08"]
[EventType "team-tourn"]
[EventRounds "9"]
[EventCountry "GER"]
[SourceTitle "EXT 2022"]
[Source "ChessBase"]
[SourceDate "2021.10.06"]
[SourceVersion "1"]
[SourceVersionDate "2021.10.06"]
[SourceQuality "1"]
[WhiteTeam "Uttenreuth"]
[BlackTeam "Nuernberg Sued SW III"]
[WhiteTeamCountry "GER"]
[BlackTeamCountry "GER"]

1. e4 c6 2. d4 d5 3. Nc3 dxe4 4. Nxe4 Bf5 5. Ng3 Bg6 6. N1e2 e6 7. Nf4 Bd6 8. h4 Qc7 9. h5 Bxc2 10. Qxc2 Bxf4 11. Bxf4 Qxf4 12. Qe4 Qxe4+ 13. Nxe4 Ke7 14. Nc5 b6 15. Nb3 Nf6 16. g3 Rc8 17. Rc1 Nbd7 18. Bg2 Kd6 19. Rc2 Rc7 20. Ke2 Rac8 21. Rhc1 Nxh5 22. Nd2 f5 23. b4 b5 24. Nb3 Nhf6 25. Na5 Nd5 26. a3 h5 27. Rb1 g5 28. Rh1 N7f6 29. f3 f4 30. Kf2 fxg3+ 31. Kxg3 Nf4 32. Bf1 N6d5 33. Kf2 e5 34. dxe5+ Kxe5 35. Nb3 Rd8 36. Nc5 h4 37. Rg1 Rg8 38. Rc1 Kf5 39. Nd3 Rgg7 40. Re1 Rge7 41. Nxf4 Nxf4 42. Rc1 Re5 43. Rh1 a6 44. a4 Rd5 45. axb5 axb5 46. Rc2 Ke5 47. Rg1 Kd6 48. Rg4 Ra7 49. Rg1 Ra4 50. Rb2 Ra1 51. Rg4 Rad1 52. Kg1 c5 53. bxc5+ Rxc5 54. Kf2 Kc6 55. Rg1 Rcc1 56. Bxb5+ Kd6 57. Rxd1+ Rxd1 58. Bf1 Nd3+ 59. Bxd3 Rxd3 60. Re2 Rd5 61. Kg2 Re5 62. Ra2 Ke6 63. Ra8 Rf5 64. Re8+ Kf6 65. Rf8+ Ke5 66. Re8+ Kf4 67. Re4# 1-0

[Event "Mittelfranken-chTB2b 1718"]
[Site "Mittelfranken"]
[Date "2017.10.08"]
[Round "1.3"]
[White "Werner, Thomas"]
[Black "Heinkelmann, Josef"]
[Result "1/2-1/2"]
[WhiteElo "1899"]
[BlackElo "1862"]
[PlyCount "51"]
[EventDate "2017.10.08"]
[EventType "team-tourn"]
[EventRounds "9"]
[EventCountry "GER"]
[SourceTitle "EXT 2022"]
[Source "ChessBase"]
[SourceDate "2021.10.06"]
[SourceVersion "1"]
[SourceVersionDate "2021.10.06"]
[SourceQuality "1"]
[WhiteTeam "Nuernberg Sued SW III"]
[BlackTeam "Forchheim SC III"]
[WhiteTeamCountry "GER"]
[BlackTeamCountry "GER"]

1. d4 d5 2. c4 Nc6 3. e3 e5 4. cxd5 Qxd5 5. Nc3 Bb4 6. Bd2 Bxc3 7. bxc3 Nf6 8. Qb3 Qxb3 9. axb3 Be6 10. b4 exd4 11. exd4 0-0 12. Bd3 Rfe8 13. Ne2 a6 14. 0-0 Bg4 15. f3 Bh5 16. Nf4 Bg6 17. Nxg6 hxg6 18. b5 axb5 19. Bxb5 Rab8 20. Kf2 Re6 21. Rfe1 Nd8 22. Rxe6 Nxe6 23. Ke3 c6 24. Bd3 Nd5+ 25. Kf2 b5 26. Ra3 1/2-1/2

[Event "Mittelfranken-chT2b 1617"]
[Site "Mittelfranken"]
[Date "2017.03.05"]
[Round "7.5"]
[White "Werner, Thomas"]
[Black "Ruderer, Thomas"]
[Result "1-0"]
[WhiteElo "1899"]
[BlackElo "1672"]
[PlyCount "83"]
[EventDate "2016.10.23"]
[EventType "team-tourn"]
[EventRounds "9"]
[EventCountry "GER"]
[SourceTitle "EXT 2022"]
[Source "ChessBase"]
[SourceDate "2021.10.06"]
[SourceVersion "1"]
[SourceVersionDate "2021.10.06"]
[SourceQuality "1"]
[WhiteTeam "Nuernberg Sued SW III"]
[BlackTeam "Heideck/Hilpoltstein"]
[WhiteTeamCountry "GER"]
[BlackTeamCountry "GER"]

1. d4 e6 2. c4 d5 3. Nc3 Nf6 4. cxd5 exd5 5. Bg5 c6 6. Qc2 Be7 7. e3 Bg4 8. Bd3 Nbd7 9. Nge2 0-0 10. 0-0 Bxe2 11. Bxe2 Ne4 12. Bxe7 Qxe7 13. Rab1 Nxc3 14. Qxc3 Nf6 15. Bf3 Rfe8 16. b4 Ne4 17. Bxe4 Qxe4 18. b5 Re6 19. Rfc1 h5 20. Qc2 a6 21. Qxe4 dxe4 22. bxc6 Rxc6 23. Rxc6 bxc6 24. Rb6 Rc8 25. Rxa6 c5 26. dxc5 Rxc5 27. g3 g6 28. Ra4 f5 29. Ra7 Rc2 30. h3 Rc5 31. Kg2 Rb5 32. a4 Rc5 33. a5 Rb5 34. a6 Ra5 35. Kf1 Ra1+ 36. Ke2 Ra2+ 37. Kd1 g5 38. Kc1 h4 39. gxh4 g4 40. hxg4 fxg4 41. Kb1 Rxf2 42. Rb7 1-0

[Event "Mittelfranken-chT2b 1617"]
[Site "Mittelfranken"]
[Date "2016.10.23"]
[Round "1.5"]
[White "Uestuen, Engin"]
[Black "Werner, Thomas"]
[Result "0-1"]
[WhiteElo "1713"]
[BlackElo "1899"]
[PlyCount "122"]
[EventDate "2016.10.23"]
[EventType "team-tourn"]
[EventRounds "9"]
[EventCountry "GER"]
[SourceTitle "EXT 2022"]
[Source "ChessBase"]
[SourceDate "2021.10.06"]
[SourceVersion "1"]
[SourceVersionDate "2021.10.06"]
[SourceQuality "1"]
[WhiteTeam "Forchheim SC III"]
[BlackTeam "Nuernberg Sued SW III"]
[WhiteTeamCountry "GER"]
[BlackTeamCountry "GER"]

1. Nf3 Nf6 2. c4 c6 3. g3 d5 4. b3 Nbd7 5. Bb2 e6 6. Bg2 Bd6 7. 0-0 0-0 8. d3 Qe7 9. Nbd2 e5 10. cxd5 cxd5 11. e3 b6 12. Re1 Ba6 13. d4 e4 14. Nh4 g6 15. f3 Bd3 16. fxe4 Nxe4 17. Nxe4 Bxe4 18. Bxe4 Qxe4 19. Qf3 f5 20. Qxe4 fxe4 21. Rf1 Rac8 22. Rxf8+ Kxf8 23. Rc1 Rxc1+ 24. Bxc1 Ke7 25. Ng2 g5 26. Kf2 Nf6 27. h3 h5 28. Ne1 Ke6 29. Nc2 a5 30. Ba3 Bc7 31. b4 Ne8 32. bxa5 bxa5 33. Bc5 g4 34. hxg4 hxg4 35. Ne1 Bd6 36. Bxd6 Kxd6 37. Ng2 Kc6 38. Nf4 Nf6 39. a4 Nd7 40. Ne6 Kd6 41. Nd8 Kc7 42. Ne6+ Kb7 43. Nf4 Nb6 44. Ke2 Kc6 45. Ng6 Nxa4 46. Ne5+ Kd6 47. Nxg4 Nb6 48. Ne5 Nd7 49. Nf7+ Ke6 50. Nd8+ Kf5 51. Nc6 a4 52. Nb4 Nb6 53. Kf2 Kg4 54. Kg2 a3 55. Kf2 Nc4 56. Na2 Kh3 57. Nb4 Nb2 58. Na2 Nd3+ 59. Ke2 Kxg3 60. Kd2 Kf3 61. Nc3 Nb4 0-1

[Event "Schleswig Holstein-ch M class"]
[Site "Schleswig Holstein"]
[Date "2012.04.04"]
[Round "7"]
[White "Berger, Joachim"]
[Black "Werner, Thomas"]
[Result "1/2-1/2"]
[WhiteElo "2042"]
[BlackElo "2085"]
[PlyCount "24"]
[EventDate "2012.03.31"]
[EventType "swiss"]
[EventRounds "9"]
[EventCountry "GER"]
[SourceTitle "EXT 2022"]
[Source "ChessBase"]
[SourceDate "2021.10.06"]
[SourceVersion "1"]
[SourceVersionDate "2021.10.06"]
[SourceQuality "1"]

1. e4 Nc6 2. d4 d5 3. Nc3 e5 4. dxe5 d4 5. Nce2 f6 6. exf6 Nxf6 7. Nf3 Bc5 8. c3 Nxe4 9. Nexd4 Qe7 10. Be3 0-0 11. Bc4+ Kh8 12. 0-0 Bg4 1/2-1/2

[Event "Schleswig Holstein-ch M class"]
[Site "Schleswig Holstein"]
[Date "2012.04.01"]
[Round "2"]
[White "Werner, Thomas"]
[Black "Budzyn, Matthias"]
[Result "1/2-1/2"]
[WhiteElo "2085"]
[BlackElo "2158"]
[PlyCount "109"]
[EventDate "2012.03.31"]
[EventType "swiss"]
[EventRounds "9"]
[EventCountry "GER"]
[SourceTitle "EXT 2022"]
[Source "ChessBase"]
[SourceDate "2021.10.06"]
[SourceVersion "1"]
[SourceVersionDate "2021.10.06"]
[SourceQuality "1"]

1. d4 Nf6 2. Nf3 g6 3. Bf4 Bg7 4. e3 b6 5. h3 0-0 6. Be2 Bb7 7. 0-0 c5 8. c3 d6 9. Nbd2 cxd4 10. cxd4 Nbd7 11. Bh2 Rc8 12. Qa4 a6 13. Rfc1 b5 14. Rxc8 Qxc8 15. Qd1 Nb6 16. Rc1 Qd7 17. Rc2 Rc8 18. Qc1 Rxc2 19. Qxc2 Qc8 20. Qxc8+ Bxc8 21. Ne1 Nfd5 22. Nd3 Nc4 23. Nxc4 bxc4 24. Ne1 c3 25. bxc3 Nxc3 26. Bc4 a5 27. Nd3 Bf5 28. Nc1 a4 29. Ne2 Nb1 30. Bb5 a3 31. Bc4 Bf8 32. f3 Bc2 33. Kf2 e6 34. e4 Nd2 35. Ba6 f5 36. exf5 gxf5 37. Nc3 d5 38. Ke2 Nb1 39. Nb5 Bb4 40. Bf4 Nc3+ 41. Nxc3 Bxc3 42. Bd6 Bxd4 43. Bxa3 Bb1 44. Bd6 Bxa2 45. Bc8 Bc4+ 46. Ke1 Kf7 47. g4 fxg4 48. hxg4 Be3 49. f4 d4 50. f5 exf5 51. Bxf5 h6 52. Be5 d3 53. Bc3 Ke7 54. Bd2 Bc5 55. Bxh6 1/2-1/2

[Event "Schleswig Holstein-ch Meister"]
[Site "Buesum"]
[Date "2010.04.01"]
[Round "8.6"]
[White "Krueger, Wolfgang"]
[Black "Werner, Thomas"]
[Result "1/2-1/2"]
[WhiteElo "2178"]
[BlackElo "2049"]
[PlyCount "120"]
[EventDate "2010.03.27"]
[EventType "swiss"]
[EventRounds "9"]
[EventCountry "GER"]
[SourceTitle "EXT 2022"]
[Source "ChessBase"]
[SourceDate "2021.10.06"]
[SourceVersion "1"]
[SourceVersionDate "2021.10.06"]
[SourceQuality "1"]

1. c4 e6 2. Nf3 d5 3. g3 c6 4. Bg2 Bd6 5. Qc2 f5 6. 0-0 Nf6 7. d3 0-0 8. Nc3 Qe8 9. e4 fxe4 10. dxe4 Bb4 11. exd5 Bxc3 12. bxc3 exd5 13. Ba3 Qe4 14. Qd2 Qxc4 15. Bxf8 Kxf8 16. Rfe1 Na6 17. Nd4 Bd7 18. Rab1 b5 19. a4 Nc7 20. Qf4 Nce8 21. axb5 cxb5 22. Bf1 Qxc3 23. Rec1 Qa3 24. Bxb5 Bxb5 25. Rxb5 Kg8 26. Rcb1 Rc8 27. Rb8 Rxb8 28. Rxb8 Qe7 29. Nf5 Qe6 30. Nd6 h6 31. Nxe8 Nxe8 32. Qa4 Kf8 33. Qxa7 Qe1+ 34. Kg2 Qe4+ 35. Kf1 Qc4+ 36. Kg1 Qc1+ 37. Kg2 Qc6 38. Qd4 Qe6 39. Rd8 Qe4+ 40. Qxe4 dxe4 41. Kh3 Kf7 42. Rxe8 Kxe8 43. Kg4 Kf7 44. Kf5 g6+ 45. Kxe4 Ke6 46. f4 h5 47. h3 Kf6 48. g4 hxg4 49. hxg4 Ke6 50. Kd4 Kd6 51. Kc4 Kc6 52. f5 gxf5 53. gxf5 Kd6 54. Kd4 Ke7 55. Ke5 Kf7 56. Kf4 Kf6 57. Kg4 Kf7 58. Kg5 Kg7 59. f6+ Kf7 60. Kf5 Kf8 1/2-1/2

[Event "Schleswig Holstein-ch Meister"]
[Site "Buesum"]
[Date "2010.03.31"]
[Round "7.6"]
[White "Werner, Thomas"]
[Black "Zeller, Joerg"]
[Result "0-1"]
[WhiteElo "2049"]
[BlackElo "2200"]
[PlyCount "46"]
[EventDate "2010.03.27"]
[EventType "swiss"]
[EventRounds "9"]
[EventCountry "GER"]
[SourceTitle "EXT 2022"]
[Source "ChessBase"]
[SourceDate "2021.10.06"]
[SourceVersion "1"]
[SourceVersionDate "2021.10.06"]
[SourceQuality "1"]

1. a3 e5 2. Nc3 Nc6 3. Nf3 d6 4. d4 Bg4 5. d5 Nce7 6. e4 a6 7. h3 Bd7 8. Bd3 Ng6 9. Be3 Nf6 10. Qd2 Be7 11. g4 b5 12. Ne2 c5 13. dxc6 Bxc6 14. Ng3 d5 15. exd5 Qxd5 16. Ng5 Nh4 17. 0-0-0 Qa2 18. Qc3 Bxh1 19. Rxh1 0-0 20. Qxe5 Rfe8 21. Bd4 Bb4 22. Bxh7+ Kh8 23. Qxf6 Qa1# 0-1

[Event "Schleswig Holstein-ch Vormeister"]
[Site "Schoenberg"]
[Date "2005.??.??"]
[Round "5"]
[White "Werner, Thomas"]
[Black "Petri, Alexander"]
[Result "1/2-1/2"]
[WhiteElo "2069"]
[BlackElo "2092"]
[PlyCount "45"]
[EventDate "2005.10.??"]
[EventType "tourn"]
[EventRounds "9"]
[EventCountry "GER"]
[SourceTitle "EXT 2022"]
[Source "ChessBase"]
[SourceDate "2021.10.06"]
[SourceVersion "1"]
[SourceVersionDate "2021.10.06"]
[SourceQuality "1"]

1. d4 g6 2. Nf3 Bg7 3. e4 d6 4. Be2 Nf6 5. Nc3 0-0 6. 0-0 Bg4 7. Be3 Nbd7 8. h3 Bxf3 9. Bxf3 e5 10. Qd2 Nb6 11. dxe5 dxe5 12. Qe2 Qe7 13. Rad1 Rfd8 14. Rxd8+ Rxd8 15. Rd1 Rxd1+ 16. Qxd1 Nc4 17. Bc1 Qd7 18. b3 Qxd1+ 19. Bxd1 Nd6 20. f3 Nd7 21. Be3 Bf8 22. Be2 a6 23. Nd5 1/2-1/2